| 000 | 00557nam a2200193Ia 4500 | ||
|---|---|---|---|
| 005 | 20250508151914.0 | ||
| 008 | 008 250505s9999 xx 000 0 eng d | ||
| 037 | _aTextual | ||
| 040 |
_aFEDL _beng _cFEDL |
||
| 041 |
_aeng _2eng |
||
| 084 |
_a155.4, LIP _qFEDL |
||
| 100 |
_aLippman Hyman S. _990059 |
||
| 245 | 0 | _aTreatment of the child in emotional conflict | |
| 260 |
_aNew York, USA _bMcGraw Hill Book Company _c1956 |
||
| 300 | _ax,298p. | ||
| 650 | _aChild Psychology | ||
| 942 |
_cTEXL _h155.4, LIP |
||
| 999 |
_c1332858 _d1332858 |
||